Responses for Show #1587 - Tuesday, June 25, 1991

Mark Born game 4.
Game entered from audiorecording.

Contestants

[<< previous game]

David White, an English teacher from Upper Darby, Pennsylvania

Gary Bennett, a beverage company executive from Columbia, Maryland

Mark Born, an investment analyst from Los Angeles, California (whose 3-day cash winnings total $54,499)

[next game >>]

Jeopardy! Round responses

20th CENTURY AUTHORS
GOLDEN OLDIES
LEFTOVERS
INVENTIONS & DISCOVERIES
MUSEUMS
HOMOPHONIC PAIRS
    $100 1
Charles Kuralt

Gary
    $100 21
Ray Charles

David
    $100 11
The Donna Reed Show

Mark
    $100 2
lasers

David
    $100 16
Cooperstown

Mark
    $200 7
Mexico

Mark
    $200 22
"The Peppermint Twist"

Gary
    $200 12
the angelfish

Mark
    $200 3
Jacques Cousteau

Mark
    $200 17
(Alex: [*], Italy, yes.)

Florence

Mark
    $300 8
William Styron

David
    $300 23
(David: I'm sorry; I pushed the button.)

"Honey"

GaryDavid
    $300 13
the Charles

Mark
    $300 4
(Mark: What are CFCs?)

freon

MarkGary
    $300 18
the Prado

Gary
    $300 26
(Mark: What is a [**]?)
(Alex: More info.)
(Mark: And a [*].)
(Alex: [Unsure how to rule] Spell 'em for me.)
(Mark: S-C-E-N-E and S-E-E-N.)
(Alex: All right, we'll give it to you on that score; what we're looking for here is [*].)
(Mark: Okay, I see.)

a seen scene

Mark
    $400 9
Appomattox

Gary
    $500 24
[The song was not reprised going into the break.]

Petula Clark

Gary
    $400 14
Marcel Marceau

Gary
    $400 5
stirrups

Gary
    $400 19
Molly Brown

Mark
    $400 27
(David: [*].)
(Alex: Phrasing.)

the right rite

David
    $500 10
(Gary: What is... Cowgirl in the Sand?)

Even Cowgirls Get the Blues

MarkGary
    $500 25
(Alex: We have one minute to deal with HOMOPHONIC PAIRS.)

"In The Year 2525"

David
    $500 15
(David: Who is Augustine?

Augustus

MarkDavid
    $500 6
John Deere

Mark
    $500 20
the Shakers

David
    $500 28
(David: [No response])
...
[The end-of-round signal sounds.]

mete meat

GaryDavid

Scores at the first commercial break (after clue 15):

Mark Gary David
$2,200 $1,100 -$100

Scores at the end of the Jeopardy! Round:

Mark Gary David
$3,200 $2,900 $600

Double Jeopardy! Round responses

WOMEN IN HISTORY
PLAYWRIGHTS
METALS
BODIES OF WATER
U.S. GOVERNORS
TITLED NAMES
    $200 12
Mary, Queen of Scots

Mark
    $200 26
Agatha Christie

Gary
    $200 6
(David: What is platinum?)

silver

David
Triple Stumper
    $200 1
the Tiber

Mark
    $200 11
California

Gary
    $200 17
(James) Duke

Mark
    $400 13
Dorothea Dix

Gary
    $400 27
William

Mark
    $400 7
lead

Gary
    $400 2
Oregon

Gary
    $400 22
Florida

Mark
    $400 18
Ellery Queen

Mark
    $600 14
Sarah Bernhardt

Mark
    $600 28
(Mark: Who is Alexandre Dumas?)

Eugene O'Neill

Mark
Triple Stumper
    $600 8
aluminum

Gary
    $600 3
the Bay of Fundy

Mark
    $600 23
Connecticut

Mark
    $600 19
Fresh Prince of Bel-Air

David
    $800 15
Isadora Duncan

Gary
    $800 29
[The end-of-round signal sounds.]
(Alex: Even though the time is up, Mark still gets it because it is the only clue that remains on the board and it is a Daily Double--so it is his.)

Athol Fugard

Mark
    $800 9
yellow

Mark
    $800 4
Cuba

Mark
    $800 24
(Alex: We have a minute left.)

Walter Hickel

David
    $800 20
(David: Uh, who is Kevin Costner?)

James Earl Jones

MarkDavid
    $1,000 16
(Gary: Who is Nefertiri?)

Nefertiti

Gary
    $1,500 30
France

Mark
    $1000 10
(Gary: What is lead?)

tin

MarkGary
    $1000 5
the Lakes of Killarney

Triple Stumper
    $1000 25
Ohio

Gary
    $1000 21
Alexander Pope

David

Scores at the end of the Double Jeopardy! Round:

Mark Gary David
$11,900 $4,900 $2,000
(lock game)

[wagering suggestions for these scores]

Final Jeopardy! Round responses

BUSINESS & INDUSTRY
DavidWhat is Nissan?
$2,000
GaryWhat is Nissan?
$800
MarkWhat is Nissan?
$2,000
Nissan

Final scores:

Mark Gary David
$13,900 $5,700 $4,000
4-day champion: $68,399 2nd place: trip on Delta to Orlando & stay at Delta Orlando Resort + Jeopardy! home game or Jeopardy! Challenger 3rd place: Panasonic word processor + Jeopardy! home game or Jeopardy! Challenger

Game dynamics:

Coryat scores:

Mark Gary David
$11,400 $5,800 $2,000
27 R
(including 1 DD),
2 W
18 R
(including 1 DD),
3 W
(including 1 DD)
9 R,
5 W

Combined Coryat: $19,200

[game clues] [game scores] [suggest correction]

Game tape date: 1991-03-18
The J! Archive is created by fans, for fans. Scraping, republication, monetization, and malicious use prohibited; this site may use cookies and collect identifying information. See terms. The Jeopardy! game show and all elements thereof, including but not limited to copyright and trademark thereto, are the property of Jeopardy Productions, Inc. and are protected under law. This website is not affiliated with, sponsored by, or operated by Jeopardy Productions, Inc. Join the discussion at JBoard.tv.